Movies Quiz

Random Movies or Mythology Quiz

Mythological Creature by Movie Quiz Stats

Quiz Updated Jan 21, 2015

Challenge
Share
Tweet
Score 0/15 Timer 04:00
2 Plays Today
Movie Title % Correct
SplashMermaid
98.3%
ShrekOgre
95.3%
Harry PotterPhoenix
86.4%
The Wizard of OzWitch
86.3%
Lord of the RingsElf
86.2%
Moulin RougeFairy
82.4%
BeowulfDragon
82%
The 7th Voyage of SinbadCyclops
79.3%
Movie Title % Correct
The Chronicles of NarniaCentaur
73.3%
Jason and the ArgonautsHydra
67.7%
Big FishGiant
59%
Bridge to TerabithiaTroll
58%
HerculesSatyr
57.7%
Pirates of the CaribbeanKraken
56.8%
LabyrinthGoblin
38.9%

You're not logged in!

Compare scores with friends on all Sporcle quizzes.
Join for Free
OR
Log In

You Might Also Like...

Show Comments

Extras

Top Quizzes Today


Score Distribution

Your Account Isn't Verified!

In order to create a playlist on Sporcle, you need to verify the email address you used during registration. Go to your Sporcle Settings to finish the process.

Report this User

Report this user for behavior that violates our Community Guidelines.

Details: